The Concise Oxford English-Arabic dictionary of current usage / (رقم التسجيلة. 29849)
[ عرض عادي ]
| 000 -الفاتح | |
|---|---|
| حقل البيانات ثابتة الطول | 01146cam a2200301 a 4500 |
| 001 - رقم الضبط | |
| رقم الضبط | 467744 |
| 003 - محدد رقم الضبط | |
| رقم الضبط | OSt |
| 005 - وقت وتاريخ اخر تعامل مع التسجيلة | |
| رقم الضبط | 20150408114132.0 |
| 008 - عناصر البيانات ثابتة الطول - معلومات عامة | |
| حقل البيانات ثابتة الطول | 840117s1982 enk d 000 0 eng |
| 010 ## - رقم ضبط مكتبة الكونجرس | |
| رقم ضبط مكتبة الكونجرس | 83147828 |
| 020 ## - الرقم الدولى المعيارى للكتب | |
| الرقم الدولى المعيارى للكتاب | 0198643217 : |
| شروط الاتاحة | �6.95 |
| 040 ## - مصدر الفهرسة | |
| وكالة الفهرسة الأصلية | Ma_ua |
| وكالة النسخ | DLC |
| وكالة التعديل | DLC |
| 041 0# - رمز اللغة | |
| رمز لغة النص/ المسارات الصوتية أو العنوان الانفرادي | engara |
| 050 00 - رقم طلب مكتبة الكونجرس | |
| رقم التصنيف | PJ6640 |
| رقم المادة | .O93 1982 |
| 082 00 - رقم تصنيف ديوى العشرى | |
| رقم التصنيف | 492.7321 COC |
| رقم الطبعة | 19 |
| 245 04 - بيان العنوان | |
| العنوان | The Concise Oxford English-Arabic dictionary of current usage / |
| بيان المسئوليه,etc | edited by N.S. Doniach ; with the assistance of Safa Khulusi, N. Shamaa, W.K. Davin. |
| 260 ## - PUBLICATION, DISTRIBUTION, ETC. (IMPRINT) | |
| مكان الناشر او الموزع | Oxford ; |
| -- | New York : |
| اسم الناشر او الموزع | Oxford University Press, |
| تاريخ النشر أو التوزيع | 1982. |
| 300 ## - الوصف المادى | |
| التعداد | x, 461 p. ; |
| أبعاد الوعاء | 21 cm. |
| 500 ## - تبصرة عامة | |
| تبصرة عامة | Abridged ed. of: The Oxford English-Arabic dictionary of current usage / edited by N.S. Doniach. 1972. |
| 650 #0 - المدخل الاضافى بالموضوع-مصطلح موضوعى | |
| مصطلح موضوعي أو اسم جغرافي كعنصر مدخل | English language |
| التقسيم الفرعي العام | Dictionaries |
| -- | Arabic. |
| 9 (RLIN) | 17351 |
| 700 1# - المدخل الاضافى - اسم شخصى | |
| الإسم الشخصى | Doniach, N. S. |
| 9 (RLIN) | 35602 |
| 700 1# - المدخل الاضافى - اسم شخصى | |
| الإسم الشخصى | Khulusi, Safa. |
| 9 (RLIN) | 35603 |
| 700 1# - المدخل الاضافى - اسم شخصى | |
| الإسم الشخصى | Shamaa, N. |
| 9 (RLIN) | 35604 |
| 700 1# - المدخل الاضافى - اسم شخصى | |
| الإسم الشخصى | Davin, W. K. |
| 9 (RLIN) | 35605 |
| 856 42 - الوصول و الموقع الالكترونى | |
| مواد محددة | Publisher description |
| معرف المصدر الموحد | <a href="http://www.loc.gov/catdir/enhancements/fy0603/83147828-d.html">http://www.loc.gov/catdir/enhancements/fy0603/83147828-d.html</a> |
| 906 ## - عنصر بيانات محلى F, LDF (RLIN) | |
| a | 7 |
| b | cbc |
| c | orignew |
| d | 2 |
| e | ncip |
| f | 19 |
| g | y-gencatlg |
| 942 ## - عناصر المدخل الإضافي( كوها) | |
| مصدر التصنيف او مخطط الترفيف | Dewey Decimal Classification |
| Koha [default] item type | كتاب |
| حالة الفقد | نموذج السعر الفعال | حالة تلف | ليس للاعارة | رقم الطلب | رقم النسخة | تاريخ الاكتساب | الموقع الحالي | الباركود | الفرع الرئيسي | Date last seen | نوع المادة فى نظام كوها | مصدر التصنيف او خطة الترفيف | Total Checkouts | Date last checked out |
|---|---|---|---|---|---|---|---|---|---|---|---|---|---|---|
| 2013-04-25 | Not For Loan | 492.7321 COC | 1 | 2013-04-25 | المكتبة المركزية بالمجمعة (CL) | 00306524 | المكتبة المركزية بالمجمعة (CL) | 2013-04-25 | كتاب | Dewey Decimal Classification | ||||
| 2013-04-25 | 492.7321 COC | 2 | 2013-04-25 | المكتبة المركزية بالمجمعة (CL) | 00306526 | المكتبة المركزية بالمجمعة (CL) | 2025-05-15 | كتاب | Dewey Decimal Classification | 5 | 2025-04-23 | |||
| 2013-04-25 | 492.7321 COC | 3 | 2013-04-25 | المكتبة المركزية بالمجمعة (CL) | 00306525 | المكتبة المركزية بالمجمعة (CL) | 2017-03-22 | كتاب | Dewey Decimal Classification | 1 | 2017-02-19 | |||
| 2013-04-25 | Not For Loan | 492.7321 COC | 1 | 2013-04-25 | مكتبة كلية العلوم و الدراسات الإنسانية برماح - طالبات (SRF) | 00306521 | مكتبة كلية العلوم و الدراسات الإنسانية برماح - طالبات (SRF) | 2020-03-09 | كتاب | Dewey Decimal Classification | 7 | 2018-09-25 | ||
| 2013-04-25 | 492.7321 COC | 2 | 2013-04-25 | مكتبة كلية العلوم و الدراسات الإنسانية برماح - طالبات (SRF) | 00306520 | مكتبة كلية العلوم و الدراسات الإنسانية برماح - طالبات (SRF) | 2025-02-19 | كتاب | Dewey Decimal Classification | 20 | 2024-09-01 | |||
| 2013-04-25 | Not For Loan | 492.7321 COC | 1 | 2013-04-25 | مكتبة كلية العلوم و الدراسات الإنسانية برماح - طلاب (SRM) | 00306523 | مكتبة كلية العلوم و الدراسات الإنسانية برماح - طلاب (SRM) | 2013-04-25 | كتاب | Dewey Decimal Classification | ||||
| 2013-04-25 | 492.7321 COC | 2 | 2013-04-25 | مكتبة كلية العلوم و الدراسات الإنسانية برماح - طلاب (SRM) | 00306522 | مكتبة كلية العلوم و الدراسات الإنسانية برماح - طلاب (SRM) | 2013-04-25 | كتاب | Dewey Decimal Classification | |||||
| 2013-04-25 | Not For Loan | 492.7321 COC | 1 | 2013-04-25 | مكتبة مجمع الطالبات بالمجمعة (EMF) | 00306518 | مكتبة مجمع الطالبات بالمجمعة (EMF) | 2019-09-24 | كتاب | Dewey Decimal Classification | 9 | 2019-09-17 | ||
| 2013-04-25 | 492.7321 COC | 2 | 2013-04-25 | مكتبة مجمع الطالبات بالمجمعة (EMF) | 00306519 | مكتبة مجمع الطالبات بالمجمعة (EMF) | 2019-03-10 | كتاب | Dewey Decimal Classification | 3 | 2019-02-21 |
